| 000 | 00710cam a2200145 4500500 | ||
|---|---|---|---|
| 005 | 20251228073711.0 | ||
| 041 | _afre | ||
| 042 | _adc | ||
| 100 | 1 | 0 |
_aBalty, Jean-Charles _eauthor |
| 245 | 0 | 0 | _aTrunk Markus, Die « Casa de Pilatos » in Sevilla, Studien zu Sammlung, Aufstellung und Rezeption antiker Skulpturen im Spanien des 16. Jhs. (Madrider Beiträge, 28), Mayence / Rhin, Philipp von Zabern, 2002, 1 vol. 22,5 × 31,5, VI + 321 p., 22 fig. ds t., 89 pl. h. t. |
| 260 | _c2005. | ||
| 500 | _a14 | ||
| 786 | 0 | _nRevue archéologique | 40 | 2 | 2005-09-01 | p. 365zl-437zl | 0035-0737 | |
| 856 | 4 | 1 | _uhttps://shs.cairn.info/revue-archeologique-2005-2-page-365zl?lang=fr&redirect-ssocas=7080 |
| 999 |
_c1595740 _d1595740 |
||